Internationalization of Business An Introduction (Record no. 1852)

MARC details
000 -LEADER
fixed length control field 00359nam a22001337a 4500
008 - FIXED-LENGTH DATA ELEMENTS--GENERAL INFORMATION
fixed length control field 241217b |||||||| |||| 00| 0 eng d
020 ## - INTERNATIONAL STANDARD BOOK NUMBER
ISBN 0030603073
100 ## - MAIN ENTRY--AUTHOR
Author ROBINSON, Richard D.
245 ## - TITLE STATEMENT
Title Internationalization of Business An Introduction
260 ## - PUBLICATION, DISTRIBUTION, ETC. (IMPRINT)
Place of publication Chicago
Name of publisher The Dryden Press
Date of publication 1982
300 ## - COLLATION
Pagination xivi, 367p.
942 ## - ADDED ENTRY ELEMENTS (KOHA)
Item type Books
050 ## - LIBRARY OF CONGRESS CALL NUMBER
Classification number HD62.4
Item number .R63
Holdings
Source of classification or shelving scheme Not for loan Permanent location Current location Date acquired Accession No. Full call number Barcode. Koha item type
Library of Congress Classification   Samuel Ogbemudia Main Library, University of Abuja Samuel Ogbemudia Main Library, University of Abuja 12/17/2024 93718168 HD62.4.R63 2024-2853 Books